| 000 | 00841nam a22003137a 4500 | ||
|---|---|---|---|
| 005 | 20190613084013.0 | ||
| 008 | 190613b xxu||||| |||| 00| 0 spa d | ||
| 020 | _a9977646153 | ||
| 041 | _aspa | ||
| 082 | _a332.15 R621b3 | ||
| 100 |
_aRivera Varela, José A. _954386 |
||
| 245 | _aBanca internacional | ||
| 250 | _a3 edición | ||
| 260 | _aCosta Rica | ||
| 260 | _bEUNED | ||
| 300 | _a176 páginas | ||
| 650 |
_aCOSTA RICA _954387 |
||
| 650 |
_aBANCOS INTERNACIONALES _928931 |
||
| 650 |
_aDESARROLLO INTERNACIONAL _953813 |
||
| 650 |
_aBANCA COMERCIAL _954388 |
||
| 650 |
_aMARCO LEGAL _913187 |
||
| 650 |
_aCHEQUE _923549 |
||
| 650 |
_aORDEN DE PAGO _954389 |
||
| 650 |
_aLETRA DE CAMBIO _938047 |
||
| 650 |
_aCOBRANZAS _915069 |
||
| 650 |
_aCRÉDITOS _9640 |
||
| 650 |
_aGARANTÍAS CONTRACTUALES _954390 |
||
| 942 | _cBK | ||
| 999 |
_c12065 _d12065 |
||